Volevo solo essere felice : l'omosessualità raccontata da un omosessuale /

সংরক্ষণ করুন:
গ্রন্থ-পঞ্জীর বিবরন
প্রধান লেখক: Cozzolino, Alessandro
বিন্যাস: গ্রন্থ
ভাষা:ইতালিয়
প্রকাশিত: Milano : Centauria, 2019
বিষয়গুলি:
ট্যাগগুলো: ট্যাগ যুক্ত করুন
কোনো ট্যাগ নেই, প্রথমজন হিসাবে ট্যাগ করুন!

MARC

LEADER 00000nam a22000007i 4500
001 IT\ICCU\LUA\0548593
003 ItRI
005 20240410200748.0
008 190703s2019 it |||||| ||||| |||||c
020 |a 9788869214189 
040 |b ita  |c GP 
041 7 |a ita  |2 ISO-639-2 
082 |a 306.7662092  |2 21 
100 1 |a Cozzolino, Alessandro  |0 IT\ICCU\RMBV\289677 
240 1 0 |a Volevo solo essere felice  |9 Cozzolino, Alessandro 
245 1 0 |a Volevo solo essere felice :  |b l'omosessualità raccontata da un omosessuale /  |c Alessandro Cozzolino. 
260 |a Milano :  |b Centauria,  |c 2019 
300 |a 175 p. ;  |c 20 cm. 
650 7 |a Omosessualità  |x Diari e memorie  |2 scbi 
942 |2 ddc  |c BK 
952 |0 0  |1 0  |2 ddc  |4 0  |6 306_766000000000000_COZ  |7 1  |9 1243  |a RM  |b RM  |d 2024-04-10  |l 0  |o 306 766 COZ  |p 818  |r 2024-04-10 20:08:12  |w 2024-04-10  |y BK 
981 1 |6 z01  |a i   |b xxxe  
982 1 |6 z01  |a n 
999 |c 1146  |d 1146